| 000 | 00412nam a2200169Ia 4500 | ||
|---|---|---|---|
| 008 | 230524s9999 xx 000 0 und d | ||
| 020 | _a8131704378 | ||
| 082 |
_a5.133 _bASH |
||
| 100 | _aAshok M.Kamthane | ||
| 245 | 0 | _aProgramming with ANCI and Turbo C | |
| 250 | _a5TH | ||
| 260 |
_aSINGAPORE _bPearson _c2005 |
||
| 300 | _aXVIII;594 | ||
| 500 | _aQuantity Number: 75 | ||
| 650 | _aComp-Sc | ||
| 942 | _cBK | ||
| 999 |
_c22436 _d22436 |
||